000 00598nam a2200193Ia 4500
003 GCL
008 140319s9999 xx 000 0 ara d
040 _aGCL /
_cGCL
082 0 4 _a843.01
_bب ح
100 1 _aرعد اسكندر
245 1 0 _aالحلو المر: قصص فرنسية قصيرة /
_cرعد اسكندر
700 1 _aبونس، موريس
300 _a198 ص
490 _a100 قصة
_v0
650 0 4 _aالادب الفرنسى المترجم
650 0 4 _aالادب العالمى المترجم
650 0 4 _aالقصص الفرنسية القصيرة
942 _2ddc
_cBK
999 _c45881
_d45881